[Event "Titled Tuesday intern op 04th Mar Early"]
[Site "Chess.com INT"]
[Date "2025.03.04"]
[Round "2"]
[White "Caku, Kler"]
[Black "Morais, Thomas"]
[Result "1-0"]
[WhiteElo "2036"]
[BlackElo "2263"]
[PlyCount "103"]
[EventDate "2025.03.04"]
[EventType "swiss (blitz)"]
[EventRounds "11"]
[EventCountry "USA"]
[SourceTitle "CB11_2025"]
[SourceDate "2025.03.12"]
[SourceVersion "1"]
[SourceVersionDate "2025.03.12"]
[SourceQuality "1"]

1. e4 c5 2. Nf3 e6 3. d4 cxd4 4. Nxd4 a6 5. Nc3 Qc7 6. a3 Nf6 7. Be3 Nc6 8. Bd3 h5 9. h3 b5 10. Nxc6 dxc6 11. f4 e5 12. f5 Bb7 13. Qf3 c5 14. Nd5 Bxd5 15. exd5 Bd6 16. Be4 h4 17. Bg5 Nxe4 18. Qxe4 f6 19. Bxh4 0-0-0 20. Bf2 c4 21. a4 Bc5 22. axb5 Bxf2+ 23. Kxf2 Qc5+ 24. Kg3 Qxb5 25. Rhd1 Rh5 26. d6 Qb7 27. Qxc4+ Kb8 28. Kh2 Rg5 29. g4 Rh8 30. d7 Rxh3+ 31. Kxh3 Qf3+ 32. Kh2 Qf2+ 33. Kh1 Qh4+ 34. Kg2 Rxg4+ 35. Qxg4 Qxg4+ 36. Kf2 Qxf5+ 37. Ke2 Qg4+ 38. Ke1 Qg1+ 39. Kd2 Qg5+ 40. Kc3 Qe3+ 41. Rd3 Qc5+ 42. Kb3 Qb5+ 43. Ka2 Qa5+ 44. Kb3 Qb5+ 45. Kc3 Qc5+ 46. Kd2 Qf2+ 47. Kc1 Qe1+ 48. Rd1 Qe3+ 49. Kb1 Kb7 50. d8Q Qc5 51. Qd7+ Kb6 52. Qd6+ 1-0

[Event "Titled Tuesday intern op 11th Feb Early"]
[Site "Chess.com INT"]
[Date "2025.02.11"]
[Round "3"]
[White "Lukachewski Junior, Wanderlei"]
[Black "Morais, Thomas"]
[Result "1-0"]
[WhiteElo "2049"]
[BlackElo "2252"]
[PlyCount "87"]
[EventDate "2025.02.11"]
[EventType "swiss (blitz)"]
[EventRounds "11"]
[EventCountry "USA"]
[SourceTitle "CB09_2025"]
[SourceDate "2025.02.27"]
[SourceVersion "1"]
[SourceVersionDate "2025.02.27"]
[SourceQuality "1"]

1. d4 c5 2. d5 e6 3. c4 exd5 4. cxd5 d6 5. Nc3 Nf6 6. Nf3 g6 7. Bf4 Bg7 8. e3 0-0 9. h3 Na6 10. Bc4 Nc7 11. a4 Re8 12. 0-0 Ne4 13. Qb3 g5 14. Bh2 g4 15. hxg4 Bxg4 16. Nxe4 Rxe4 17. Nd2 Re8 18. Bd3 Na6 19. Bb5 Re5 20. Bxe5 Bxe5 21. Nc4 Be2 22. Nxe5 Bxf1 23. Bxf1 dxe5 24. Qxb7 Nb4 25. Rd1 e4 26. d6 Rb8 27. Qxe4 Rb6 28. d7 Re6 29. Qg4+ Kf8 30. Bc4 Rf6 31. Qg5 Nc6 32. Qxc5+ Ne7 33. Bb5 Kg7 34. Qxe7 Qxe7 35. d8Q Qe4 36. Qd4 Qf5 37. Rc1 Qxf2+ 38. Kh2 Qf5 39. Rf1 Qh5+ 40. Kg1 Qg5 41. Qxf6+ Qxf6 42. Rxf6 Kxf6 43. Kf2 Ke5 44. Bd3 1-0

[Event "Titled Tuesday intern op 11th Feb Early"]
[Site "Chess.com INT"]
[Date "2025.02.11"]
[Round "1"]
[White "Morais, Thomas"]
[Black "Yoo, Christopher Woojin"]
[Result "0-1"]
[WhiteElo "2252"]
[BlackElo "2588"]
[PlyCount "74"]
[EventDate "2025.02.11"]
[EventType "swiss (blitz)"]
[EventRounds "11"]
[EventCountry "USA"]
[SourceTitle "CB08_2025"]
[SourceDate "2025.02.19"]
[SourceVersion "1"]
[SourceVersionDate "2025.02.19"]
[SourceQuality "1"]

1. e4 c6 2. d4 d5 3. Nc3 dxe4 4. Nxe4 Bf5 5. Ng3 Bg6 6. h4 h6 7. Nh3 Nf6 8. Nf4 Bh7 9. Bc4 e6 10. c3 Bd6 11. Nfh5 0-0 12. Qf3 Nbd7 13. Nxf6+ Nxf6 14. Nh5 Nxh5 15. Qxh5 Qf6 16. Be3 Be4 17. f3 Bg6 18. Qg4 Bf5 19. Qh5 Bg3+ 20. Kf1 b5 21. Be2 Rab8 22. Bg5 Qg6 23. Qxg6 Bxg6 24. Bd2 Bc7 25. Kf2 Rfd8 26. h5 Bh7 27. Rad1 b4 28. Be3 bxc3 29. bxc3 Ba5 30. c4 Rb2 31. a4 Bc2 32. Ra1 Bd3 33. Rhe1 Bxe1+ 34. Rxe1 Bxc4 35. a5 Rdb8 36. Kf1 Rxe2 37. Rxe2 Rb2 0-1

[Event "Titled Tuesday intern op 04th Feb Early"]
[Site "Chess.com INT"]
[Date "2025.02.04"]
[Round "1"]
[White "Morais, Thomas"]
[Black "Naroditsky, Daniel"]
[Result "0-1"]
[WhiteElo "2252"]
[BlackElo "2619"]
[PlyCount "92"]
[EventDate "2025.02.04"]
[EventType "swiss (blitz)"]
[EventRounds "11"]
[EventCountry "USA"]
[SourceTitle "CB07_2025"]
[SourceDate "2025.02.12"]
[SourceVersion "1"]
[SourceVersionDate "2025.02.12"]
[SourceQuality "1"]

1. e4 c5 2. Nf3 Nf6 3. e5 Nd5 4. Nc3 e6 5. Nxd5 exd5 6. d3 Nc6 7. g3 d6 8. exd6 Bxd6 9. Qe2+ Kd7 10. Kd1 Re8 11. Qd2 Qf6 12. Bg2 Kc7 13. Qg5 Qxg5 14. Bxg5 f6 15. Bd2 Bg4 16. h3 Bh5 17. g4 Bf7 18. Re1 Rxe1+ 19. Kxe1 Ne7 20. Nh4 g5 21. Nf3 h5 22. Bc3 d4 23. Ba5+ b6 24. Nxd4 cxd4 25. Bxa8 bxa5 26. Be4 h4 27. Kf1 Nd5 28. Re1 Nf4 29. Bg2 Be5 30. a3 a4 31. Rc1 Kb6 32. Rd1 Kc5 33. Re1 Bd5 34. f3 a5 35. Rd1 Ne6 36. Re1 Bf4 37. Rd1 Be3 38. Re1 Nf4 39. Rd1 Kd6 40. Re1 Ke5 41. Rd1 Ne6 42. Ke2 Kf4 43. c3 Kg3 44. cxd4 Bxd4 45. Kf1 Nf4 46. Bh1 Kh2 0-1

[Event "Titled Tuesday intern op 04th Feb Early"]
[Site "Chess.com INT"]
[Date "2025.02.04"]
[Round "5"]
[White "Morais, Thomas"]
[Black "Shokirjonova, Barchinoy"]
[Result "1-0"]
[WhiteElo "2252"]
[BlackElo "2061"]
[PlyCount "39"]
[EventDate "2025.02.04"]
[EventType "swiss (blitz)"]
[EventRounds "11"]
[EventCountry "USA"]
[SourceTitle "CB07_2025"]
[SourceDate "2025.02.12"]
[SourceVersion "1"]
[SourceVersionDate "2025.02.12"]
[SourceQuality "1"]

1. e4 e6 2. d3 d5 3. Nd2 c5 4. Ngf3 Nc6 5. g3 Nf6 6. Bg2 Be7 7. 0-0 0-0 8. e5 Nd7 9. Re1 b5 10. Nf1 Bb7 11. h4 d4 12. N1h2 Nb6 13. Ng5 h6 14. Qh5 hxg5 15. hxg5 Re8 16. Be4 g6 17. Bxg6 fxg6 18. Qxg6+ Kf8 19. Qh6+ Kg8 20. g6 1-0

[Event "Titled Tuesday intern op 28th Jan Early"]
[Site "Chess.com INT"]
[Date "2025.01.28"]
[Round "6"]
[White "Sarkar, Justin"]
[Black "Morais, Thomas"]
[Result "1-0"]
[WhiteElo "2296"]
[BlackElo "2278"]
[PlyCount "155"]
[EventDate "2025.01.28"]
[EventType "swiss (blitz)"]
[EventRounds "11"]
[EventCountry "USA"]
[SourceTitle "CB06_2025"]
[SourceDate "2025.02.05"]
[SourceVersion "1"]
[SourceVersionDate "2025.02.05"]
[SourceQuality "1"]

1. d4 c5 2. d5 e6 3. c4 exd5 4. cxd5 d6 5. e4 Nf6 6. Nc3 g6 7. Nf3 Bg7 8. Nd2 0-0 9. Be2 Re8 10. 0-0 Nbd7 11. a4 a6 12. f3 Nh5 13. Kh1 Ne5 14. g3 Bh3 15. Rf2 Nd7 16. Nc4 Ne5 17. Ne3 Nf6 18. f4 Ned7 19. Bf3 h5 20. Nc4 Nb6 21. Ne3 Bg4 22. a5 Nbd7 23. Nxg4 hxg4 24. Bg2 Nh5 25. Qxg4 Bd4 26. Rf1 Ndf6 27. Qg5 Kg7 28. Bd2 Rh8 29. Ne2 Rc8 30. Nxd4 cxd4 31. e5 dxe5 32. fxe5 Nxd5 33. Qxd8 Rhxd8 34. Bg5 Rd7 35. Bh3 Rcc7 36. Bxd7 Rxd7 37. Rad1 Nb4 38. Rd2 Nc6 39. Rfd1 f6 40. exf6+ Nxf6 41. Bxf6+ Kxf6 42. Kg2 Ke5 43. Re1+ Kd5 44. Rf2 Nxa5 45. Rf6 Nc4 46. Rxg6 Nxb2 47. Re2 Nc4 48. Rg5+ Kc6 49. h4 d3 50. Re1 d2 51. Rg1 Ne3+ 52. Kf3 d1Q+ 53. Rxd1 Nxd1 54. h5 Nc3 55. h6 Nd5 56. Rh5 Rh7 57. g4 Nf6 58. Rh4 Ng8 59. g5 Kd6 60. Kf4 Ke6 61. Kg4 Ne7 62. Kh5 Nf5 63. Re4+ Kf7 64. Rf4 Ke6 65. Kg6 Rh8 66. Rxf5 Rg8+ 67. Kh7 Rd8 68. Rf6+ Ke5 69. Rf7 Ke6 70. g6 a5 71. Rxb7 a4 72. Ra7 Kf6 73. g7 a3 74. Ra6+ Kg5 75. Rxa3 Rd7 76. Ra5+ Kh4 77. Kh8 Rd8+ 78. g8Q 1-0

[Event "Titled Tuesday intern op 21st Jan Late"]
[Site "Chess.com INT"]
[Date "2025.01.21"]
[Round "2"]
[White "Sarkar, Justin"]
[Black "Morais, Thomas"]
[Result "1-0"]
[WhiteElo "2296"]
[BlackElo "2278"]
[PlyCount "99"]
[EventDate "2025.01.21"]
[EventType "swiss (blitz)"]
[EventRounds "11"]
[EventCountry "USA"]
[SourceTitle "CB05_2025"]
[SourceDate "2025.01.29"]
[SourceVersion "1"]
[SourceVersionDate "2025.01.29"]
[SourceQuality "1"]

1. d4 c5 2. d5 e6 3. c4 exd5 4. cxd5 d6 5. Nc3 Nf6 6. e4 g6 7. Nf3 Bg7 8. Be2 0-0 9. Nd2 Re8 10. 0-0 Na6 11. f3 Nc7 12. a4 Rb8 13. Nc4 a6 14. Bf4 Bf8 15. a5 Nh5 16. Be3 Nb5 17. Nb6 Bg7 18. Nxb5 axb5 19. Bxb5 Rf8 20. Qd2 f5 21. exf5 Bxf5 22. g4 Be5 23. gxf5 Rxf5 24. Bd7 Rf8 25. Be6+ Kh8 26. Nd7 Qh4 27. Nxb8 Rxb8 28. f4 Bf6 29. Qf2 Rf8 30. Qxh4 Bxh4 31. f5 g5 32. b4 cxb4 33. Bd4+ Nf6 34. Rab1 Kg7 35. Rxb4 Kh6 36. Bxf6 Rxf6 37. Rxb7 g4 38. Rf7 g3 39. hxg3 Rxf7 40. Bxf7 Bxg3 41. f6 Kg5 42. a6 Be5 43. Be6 Bd4+ 44. Kg2 h5 45. f7 h4 46. f8Q h3+ 47. Kxh3 Kh5 48. Rf5+ Kg6 49. Qf7+ Kh6 50. Rh5# 1-0

[Event "Titled Tuesday intern op 21st Jan Late"]
[Site "Chess.com INT"]
[Date "2025.01.21"]
[Round "7"]
[White "Schnaider, Ilan"]
[Black "Morais, Thomas"]
[Result "1-0"]
[WhiteElo "2392"]
[BlackElo "2278"]
[PlyCount "163"]
[EventDate "2025.01.21"]
[EventType "swiss (blitz)"]
[EventRounds "11"]
[EventCountry "USA"]
[SourceTitle "CB05_2025"]
[SourceDate "2025.01.29"]
[SourceVersion "1"]
[SourceVersionDate "2025.01.29"]
[SourceQuality "1"]

1. d4 Nf6 2. Nc3 c5 3. Bf4 a6 4. e3 d5 5. dxc5 Nc6 6. a3 e5 7. Bg5 Be6 8. b4 d4 9. Na4 dxe3 10. Qxd8+ Rxd8 11. fxe3 Be7 12. Nf3 Ng4 13. Bxe7 Kxe7 14. e4 Ne3 15. Rc1 Nxc2+ 16. Rxc2 Bb3 17. Rd2 Bxa4 18. Bc4 f6 19. Rd5 Bb5 20. Rxd8 Rxd8 21. Bd5 a5 22. Kf2 axb4 23. axb4 Ra8 24. Rb1 Ra4 25. Bxc6 Bxc6 26. Nd2 Ra2 27. Ke3 Bb5 28. g4 Ra3+ 29. Rb3 Ra1 30. Nf3 Bc4 31. Rc3 Be6 32. g5 Rb1 33. gxf6+ gxf6 34. c6 bxc6 35. Rxc6 Rb3+ 36. Kf2 Rxb4 37. Rc7+ Bd7 38. Ke3 Rb3+ 39. Kf2 Kd6 40. Ra7 Rb4 41. Ke3 Rb3+ 42. Kf2 Bc6 43. Nd2 Rb2 44. Ke3 Rb7 45. Ra6 Kd7 46. h4 h5 47. Ra1 Rb8 48. Ra7+ Rb7 49. Ra1 Rb8 50. Rg1 Ke6 51. Rg7 Rf8 52. Rh7 Be8 53. Nc4 f5 54. Rh6+ Rf6 55. exf5+ Kxf5 56. Nd6+ Ke6 57. Rxf6+ Kxf6 58. Nxe8+ Kf5 59. Kf3 e4+ 60. Kg3 e3 61. Nd6+ Ke5 62. Nf7+ Ke4 63. Ng5+ Kd3 64. Kf3 e2 65. Kf2 Kd2 66. Ne4+ Kd3 67. Ng3 e1Q+ 68. Kxe1 Ke3 69. Nxh5 Kf3 70. Ng3 Kg4 71. h5 Kg5 72. Kf2 Kh6 73. Kf3 Kg7 74. Kg4 Kh7 75. Kg5 Kh8 76. h6 Kg8 77. Kg6 Kh8 78. Ne4 Kg8 79. Ng5 Kh8 80. Nf7+ Kg8 81. h7+ Kf8 82. h8Q+ 1-0